[Event "7th Iberoamerican-ch 2019"]
[Site "Linares"]
[Date "2019.08.12"]
[Round "3.26"]
[White "Merario Alarcon, Andres"]
[Black "Martinez-Conde Hernandez, Carlos"]
[Result "1/2-1/2"]
[WhiteElo "2400"]
[BlackElo "2085"]
[Annotator "TA"]
[PlyCount "197"]
[EventDate "2019.08.10"]
[EventType "swiss"]
[EventCountry "ESP"]
[SourceTitle "playchess.com"]
[Source "ChessBase"]
[SourceQuality "1"]

{[%evp 20,197,41,16,61,60,42,58,73,64,77,83,87,96,97,92,102,103,103,100,108,99,103,101,118,108,99,103,107,71,81,78,92,56,53,0,7,3,14,0,0,0,44,41,105,24,43,44,28,26,63,37,121,135,136,144,158,96,109,83,93,106,208,193,178,190,193,193,193,193,193,189,206,206,209,193,209,188,196,112,156,156,156,156,195,201,200,201,187,189,177,141,167,165,216,216,216,216,210,182,175,152,216,208,208,201,201,176,200,197,197,193,192,181,272,187,256,137,133,127,123,113,115,83,83,88,108,97,97,97,89,0,0,0,0,0,0,0,97,95,90,83,83,83,83,83,97,97,83,83,83,83,83,0,8,0,83,83,90,90,90,90,90,84,90,36,40,58,75,75,75,75,79,65,206,94,187,106,162,113]} 1. d4 Nf6 2. c4 g6 3. Nc3 Bg7 4. e4 d6 5. Nf3 $146 ({Predecessor:} 5. Be2 O-O {½-½ (53) Mareco,S (2568)-Vasquez Schroder,R (2543) Lima 2013}) 5... O-O 6. Be2 e5 7. O-O Na6 8. Be3 Ng4 9. Bg5 Qe8 10. h3 h6 11. Bh4 Nf6 {E94: King's Indian: Classical: 6 Be2 e5 7 0-0: Various Black 7th moves} 12. Bxf6 Bxf6 13. c5 exd4 {White is slightly better.} 14. Nd5 Bd8 15. cxd6 c6 16. Ne7+ $1 Bxe7 17. dxe7 Qxe7 18. Bxa6 (18. Nxd4 $6 Rd8 $11) 18... bxa6 19. Qxd4 c5 20. Qe3 Kh7 21. Rac1 Rb8 22. b3 Rb5 23. Nd2 Rd8 24. Rc2 Rd4 25. Rfc1 Qd8 26. Qf4 Be6 27. Kh2 g5 28. Qe3 Rbb4 29. Nf3 Rxe4 30. Qxc5 Qb8+ 31. Kg1 Rf4 (31... Rb5 $14 32. Qc6 Qf4) 32. Nd2 (32. Rd2 $16) 32... Rf5 33. Qe3 Re5 34. Qc3 Rf4 35. Nf3 Rb5 (35... Rd5 $1 $14) 36. Nd4 $16 Rb6 37. Qd3+ Kg7 38. Rc7 $36 {[%mdl 2048] White is on the roll.} ({White should play} 38. Ne2 $1) 38... Rf6 39. Qc3 {Hoping for Re1.} Rd6 40. Ne2 {Threatens to win with Ng3.} Qb6 (40... Bf5 $16) 41. Ng3 {White threatens Nh5+ and mate.} Qxf2+ 42. Kh2 Kg6 43. Rf1 Qxf1 44. Nxf1 Rxf1 45. Qc2+ $1 (45. Rxa7 Rf2 $16) 45... Bf5 {[#]} 46. Qc4 $1 {[%csl Gc7][%cal Rc4f7][%mdl 1536] White has strong compensation.} Bd3 47. Qc5 Rdf6 48. Qe3 (48. Rxa7 R1f2 $11) 48... Bf5 49. Qe8 (49. Qxa7 Re1) (49. Re7 $18) 49... Be6 50. Qg8+ Kh5 51. Rc2 $1 (51. Rxa7 Bd5 $11) 51... R1f2 52. Qd8 Rxc2 53. Qd1+ {[%mdl 64] Double Attack} Kg6 54. Qxc2+ $18 {[%mdl 4096] Endgame KQ-KRB} Bf5 55. Qc4 h5 56. h4 $1 gxh4 (56... a5 {was called for.} 57. hxg5 Be6 58. Qd3+ Rf5) 57. Qxh4 Bg4 58. Qe1 Re6 59. Qb1+ Bf5 60. Qf1 Bg4 (60... Rc6 $16 {was worth a try.} 61. Qf3 Rc2) 61. Qd3+ Bf5 62. Qc4 Rd6 63. Qf4 Rd3 64. Qf2 Rd7 65. Qc5 f6 66. Qc6 Rd2 (66... h4 $142 67. a4 (67. Qxa6 Rd2 $14) 67... a5) 67. a4 (67. Qxa6 h4 $14) 67... h4 (67... Ra2 $142 68. b4 (68. Qxa6 h4 $16) 68... Rc2 69. Qxa6 h4) 68. Kg1 (68. Qxa6 h3 $11) (68. Qe8+ $18 Kg7 69. Qe1) 68... Rd1+ $16 69. Kf2 Rd2+ 70. Ke1 Rc2 71. Qb7 (71. Qxa6 $6 Rxg2 72. Qc6 Rb2 $11) 71... a5 72. Qd5 Kg5 73. Kf1 (73. Qxa5 $6 Rxg2 74. Qxa7 h3 $11) 73... Rc1+ 74. Kf2 Rc2+ 75. Kg1 (75. Ke3 $16) 75... Rc1+ $1 $11 76. Kh2 Rc2 $1 77. Kg1 (77. Qg8+ $11 Kf4 78. Qb8+ Kg5 79. Qb7 (79. Qxa7 h3 $11)) 77... Rc1+ $1 $16 78. Kf2 {Black must now prevent Qd2+.} Rc2+ 79. Ke1 Rc1+ 80. Kd2 Rc2+ 81. Kd1 Ra2 82. Qb7 Rb2 83. Ke1 Rc2 84. Kf1 (84. Qxa7 $6 Rxg2 85. Kf1 Rb2 $11) 84... Rc1+ 85. Kf2 Rc2+ 86. Ke3 (86. Kg1 $1 $16) 86... Rc3+ $11 87. Kf2 ({Better is} 87. Kd4 $11 Rd3+ 88. Kc4) 87... Rc2+ $16 88. Kg1 $1 Rc1+ 89. Kh2 {Strongly threatening Qg7+.} Rc2 90. Qg7+ (90. Qxa7 $6 h3 $11) 90... Kf4 91. Qh6+ $1 ({Reject} 91. Qxa7 $6 h3 $11) 91... Kg4 {[#]} 92. Kg1 ({Of course not} 92. Qxf6 $6 h3 $11) (92. Qe3 $1 $16) 92... Be4 $14 93. Qg7+ Kf5 94. Qh7+ Ke5 95. Qxh4 Rxg2+ 96. Kf1 Rb2 {[#]} (96... Rc2 $14) 97. Qh5+ (97. Qg3+ $1 $18 {is the precise move to win.} Ke6 98. Qg8+ Ke7 99. Qg7+ Ke6 100. Qxa7) 97... Bf5 (97... Kd4 $16) 98. Qe8+ ({White should try} 98. Qf3 $18 {aiming for Qc3+.} Rb1+ 99. Kf2) 98... Kf4 (98... Be6 $16) 99. Qb8+ {Accuracy: White = 63%, Black = 60%.} 1/2-1/2

[Event "7th Iberoamerican-ch 2019"]
[Site "Linares"]
[Date "2019.08.12"]
[Round "3.27"]
[White "Fernandez Ayuso, Sergio"]
[Black "Valenzuela Gomez, Fernando"]
[Result "0-1"]
[WhiteElo "2173"]
[BlackElo "2394"]
[Annotator "NA"]
[PlyCount "72"]
[EventDate "2019.08.10"]
[EventType "swiss"]
[EventCountry "ESP"]
[SourceTitle "playchess.com"]
[Source "ChessBase"]
[SourceQuality "1"]
[TimeControl "5400+30"]

1. d4 {[%emt 0:00:00]} g6 {[%emt 0:00:00]} 2. Nf3 {[%emt 0:00:00]} Bg7 {[%emt 0:00:00]} 3. e4 {[%emt 0:00:00]} d6 {[%emt 0:00:03]} 4. Be2 {[%emt 0:00:13]} Nf6 {[%emt 0:00:16]} 5. Nc3 {[%emt 0:00:05]} O-O {[%emt 0:00:41]} 6. O-O {[%emt 0:00:46]} Nc6 {[%emt 0:00:16]} 7. h3 {[%emt 0:00:28]} a6 {[%emt 0:00:06]} 8. a4 {[%emt 0:02:04]} b6 {[%emt 0:01:47]} 9. Be3 {[%emt 0:01:10]} e6 {[%emt 0:01:41]} 10. Rb1 {[%emt 0:00:25]} Nb4 {[%emt 0:04:04]} 11. Ne1 {[%emt 0:05:58]} Bb7 {[%emt 0:04:26]} 12. Nd3 {[%emt 0:14:31]} a5 {[%emt 0:01:26]} 13. f3 {[%emt 0:01:06]} Nh5 {[%emt 0:03:12]} 14. Qd2 {[%emt 0:02:15]} e5 {[%emt 0:12:35]} 15. dxe5 {[%emt 0:08:11]} dxe5 {[%emt 0:00:07]} 16. Nb5 {[%emt 0:00:29]} Qe7 {[%emt 0:03:15]} 17. Rfd1 {[%emt 0:09:35]} Rad8 {[%emt 0:02:53]} 18. Qc3 {[%emt 0:03:12]} c5 {[%emt 0:15:01]} 19. Nxb4 {[%emt 0:10:07]} axb4 {[%emt 0:00:51]} 20. Qe1 {[%emt 0:00:06]} Nf4 {[%emt 0:01:33]} 21. Bf1 {[%emt 0:03:11]} Bc8 {[%emt 0:02:03]} 22. Rxd8 {[%emt 0:01:13]} Rxd8 {[%emt 0:03:28]} 23. Rd1 {[%emt 0:00:05]} Bh6 {[%emt 0:10:44]} 24. Rxd8+ {[%emt 0:02:06]} Qxd8 {[%emt 0:00:04]} 25. Kh2 {[%emt 0:00:09]} Bg5 {[%emt 0:00:56]} 26. Qc1 {[%emt 0:05:11]} Ne6 {[%emt 0:02:15]} 27. Bxg5 {[%emt 0:01:25]} Nxg5 {[%emt 0:00:09]} 28. Qe3 {[%emt 0:02:17]} h5 {[%emt 0:06:07]} 29. Qd3 {[%emt 0:02:52]} Qf6 {[%emt 0:01:05]} 30. Qd2 {[%emt 0:03:22]} Bxh3 {[%emt 0:02:17]} 31. Nc7 {[%emt 0:00:06]} Nxf3+ {[%emt 0:01:40]} 32. gxf3 {[%emt 0:00:09]} Bxf1 {[%emt 0:00:08]} 33. Qd1 {[%emt 0:02:48]} Qf4+ {[%emt 0:05:48]} 34. Kg1 {[%emt 0:00:04]} Bc4 {[%emt 0:01:29]} 35. Nd5 {[%emt 0:02:45]} Bxd5 {[%emt 0:00:36]} 36. exd5 {[%emt 0:00:05]} Qd4+ {[%emt 0:00:44]} 0-1

[Event "7th Iberoamerican-ch 2019"]
[Site "Linares"]
[Date "2019.08.12"]
[Round "3.28"]
[White "Sanchez Jerez, Emilio Miguel"]
[Black "Vega Gutierrez, Sabrina"]
[Result "0-1"]
[WhiteElo "2232"]
[BlackElo "2385"]
[Annotator "NA"]
[PlyCount "68"]
[EventDate "2019.08.10"]
[EventType "swiss"]
[EventCountry "ESP"]
[SourceTitle "playchess.com"]
[Source "ChessBase"]
[SourceQuality "1"]
[TimeControl "5400+30"]

1. e4 {[%emt 0:00:00]} c5 {[%emt 0:00:00]} 2. Nc3 {[%emt 0:00:00]} e6 {[%emt 0:00:07]} 3. Nf3 {[%emt 0:03:45]} Nc6 {[%emt 0:00:20]} 4. Bb5 {[%emt 0:02:18]} Nge7 {[%emt 0:01:18]} 5. O-O {[%emt 0:00:53]} a6 {[%emt 0:00:24]} 6. Bxc6 {[%emt 0:00:21]} Nxc6 {[%emt 0:00:09]} 7. d4 {[%emt 0:00:24]} cxd4 {[%emt 0:00:10]} 8. Nxd4 {[%emt 0:00:08]} d6 {[%emt 0:11:09]} 9. Nxc6 {[%emt 0:01:22]} bxc6 {[%emt 0:00:10]} 10. Qf3 {[%emt 0:00:04]} Rb8 {[%emt 0:15:31]} 11. Qg3 {[%emt 0:03:36]} h5 {[%emt 0:04:51]} 12. h4 {[%emt 0:19:12]} e5 {[%emt 0:06:51]} 13. f4 {[%emt 0:05:35]} Bg4 {[%emt 0:11:08]} 14. fxe5 {[%emt 0:06:28]} dxe5 {[%emt 0:04:34]} 15. Qxe5+ {[%emt 0:02:51]} Be7 {[%emt 0:01:48]} 16. Bg5 {[%emt 0:38:13]} f6 {[%emt 0:00:50]} 17. Bxf6 {[%emt 0:03:08]} gxf6 {[%emt 0:00:11]} 18. Rxf6 {[%emt 0:00:17]} Rb4 {[%emt 0:04:41]} 19. Rxc6 {[%emt 0:02:52]} Qd4+ {[%emt 0:01:55]} 20. Qxd4 {[%emt 0:00:06]} Rxd4 {[%emt 0:00:08]} 21. Rxa6 {[%emt 0:04:41]} O-O {[%emt 0:03:34]} 22. Rf1 {[%emt 0:00:56]} Rxf1+ {[%emt 0:04:30]} 23. Kxf1 {[%emt 0:00:02]} Bxh4 {[%emt 0:00:12]} 24. Kg1 {[%emt 0:03:00]} Rd2 {[%emt 0:03:06]} 25. Nd5 {[%emt 0:01:18]} Kg7 {[%emt 0:06:40]} 26. Ra7+ {[%emt 0:00:33]} Kg6 {[%emt 0:00:17]} 27. Nf4+ {[%emt 0:00:37]} Kg5 {[%emt 0:00:53]} 28. Nh3+ {[%emt 0:00:45]} Bxh3 {[%emt 0:15:23]} 29. Ra5+ {[%emt 0:00:26]} Kg4 {[%emt 0:00:06]} 30. gxh3+ {[%emt 0:00:34]} Kxh3 {[%emt 0:00:04]} 31. Ra3+ {[%emt 0:00:31]} Bg3 {[%emt 0:00:23]} 32. Kf1 {[%emt 0:00:32]} Rf2+ {[%emt 0:01:06]} 33. Ke1 {[%emt 0:00:28]} Kg2 {[%emt 0:01:24]} 34. e5 {[%emt 0:00:33]} Rf3+ {[%emt 0:01:05]} 0-1

[Event "7th Iberoamerican-ch 2019"]
[Site "Linares"]
[Date "2019.08.12"]
[Round "3.29"]
[White "Vega Gutierrez, Belinda"]
[Black "Cruz Ravina, Francisco Javier"]
[Result "0-1"]
[WhiteElo "2133"]
[BlackElo "2363"]
[Annotator "NA"]
[PlyCount "96"]
[EventDate "2019.08.10"]
[EventType "swiss"]
[EventCountry "ESP"]
[SourceTitle "playchess.com"]
[Source "ChessBase"]
[SourceQuality "1"]
[TimeControl "5400+30"]

1. e4 {[%emt 0:00:00]} Nf6 {[%emt 0:00:15]} 2. e5 {[%emt 0:04:58]} Nd5 {[%emt 0:00:31]} 3. c4 {[%emt 0:00:52]} Nb6 {[%emt 0:00:25]} 4. c5 {[%emt 0:00:31]} Nd5 {[%emt 0:00:12]} 5. Bc4 {[%emt 0:00:08]} e6 {[%emt 0:01:21]} 6. d4 {[%emt 0:01:17]} d6 {[%emt 0:00:40]} 7. cxd6 {[%emt 0:08:26]} cxd6 {[%emt 0:00:07]} 8. Nf3 {[%emt 0:01:56]} Be7 {[%emt 0:15:36]} 9. O-O {[%emt 0:01:11]} O-O {[%emt 0:00:26]} 10. Qb3 {[%emt 0:07:50]} Nc6 {[%emt 0:13:58]} 11. Bxd5 {[%emt 0:10:38]} exd5 {[%emt 0:07:09]} 12. Nc3 {[%emt 0:00:36]} dxe5 {[%emt 0:04:03]} 13. dxe5 {[%emt 0:07:01]} d4 {[%emt 0:01:13]} 14. Nd5 {[%emt 0:01:57]} Be6 {[%emt 0:02:15]} 15. Nxe7+ {[%emt 0:00:32]} Qxe7 {[%emt 0:00:11]} 16. Qa4 {[%emt 0:03:43]} Qc5 {[%emt 0:03:07]} 17. Bf4 {[%emt 0:06:08]} Qd5 {[%emt 0:01:41]} 18. Rfe1 {[%emt 0:11:14]} Rfd8 {[%emt 0:03:44]} 19. Nd2 {[%emt 0:06:50]} Bf5 {[%emt 0:09:00]} 20. Qc4 {[%emt 0:12:52]} Qd7 {[%emt 0:02:55]} 21. Ne4 {[%emt 0:02:05]} Bxe4 {[%emt 0:02:08]} 22. Rxe4 {[%emt 0:00:01]} Qd5 {[%emt 0:01:20]} 23. Qxd5 {[%emt 0:00:37]} Rxd5 {[%emt 0:00:10]} 24. Rd1 {[%emt 0:00:28]} Rad8 {[%emt 0:02:05]} 25. f3 {[%emt 0:00:56]} Ra5 {[%emt 0:07:20]} 26. a3 {[%emt 0:00:39]} Rb5 {[%emt 0:00:37]} 27. Rd2 {[%emt 0:00:49]} Rb3 {[%emt 0:00:32]} 28. Kf2 {[%emt 0:00:57]} Rd5 {[%emt 0:01:10]} 29. e6 {[%emt 0:05:32]} fxe6 {[%emt 0:00:22]} 30. Rxe6 {[%emt 0:00:02]} Kf7 {[%emt 0:00:17]} 31. Re4 {[%emt 0:00:51]} Rdb5 {[%emt 0:09:39]} 32. Ree2 {[%emt 0:00:02]} g5 {[%emt 0:02:38]} 33. Bc7 {[%emt 0:00:08]} d3 {[%emt 0:03:47]} 34. Re3 {[%emt 0:00:02]} Rd5 {[%emt 0:00:25]} 35. g4 {[%emt 0:01:27]} b5 {[%emt 0:02:50]} 36. h3 {[%emt 0:00:35]} h6 {[%emt 0:00:28]} 37. f4 {[%emt 0:01:01]} gxf4 {[%emt 0:00:49]} 38. Bxf4 {[%emt 0:00:03]} Na5 {[%emt 0:00:23]} 39. Rf3 {[%emt 0:02:12]} Kg6 {[%emt 0:01:44]} 40. Kg3 {[%emt 0:00:17]} Nc4 {[%emt 0:00:38]} 41. Rd1 {[%emt 0:00:46]} a5 {[%emt 0:00:37]} 42. Rdf1 {[%emt 0:01:53]} a4 {[%emt 0:00:52]} 43. Bd2 {[%emt 0:00:46]} Rd6 {[%emt 0:00:23]} 44. Bb4 {[%emt 0:00:32]} Rxb4 {[%emt 0:00:39]} 45. axb4 {[%emt 0:00:01]} d2 {[%emt 0:00:08]} 46. h4 {[%emt 0:01:00]} Rd7 {[%emt 0:00:52]} 47. Rf6+ {[%emt 0:00:34]} Kg7 {[%emt 0:00:18]} 48. R6f5 {[%emt 0:00:21]} Ne3 {[%emt 0:00:25]} 0-1

[Event "7th Iberoamerican-ch 2019"]
[Site "Linares"]
[Date "2019.08.12"]
[Round "3.31"]
[White "Moreno Bello, Miguel"]
[Black "Perez Garcia, Alejandro"]
[Result "0-1"]
[WhiteElo "1544"]
[BlackElo "2347"]
[Annotator "NA"]
[PlyCount "94"]
[EventDate "2019.08.10"]
[EventType "swiss"]
[EventCountry "ESP"]
[SourceTitle "playchess.com"]
[Source "ChessBase"]
[SourceQuality "1"]
[TimeControl "5400+30"]

1. e4 {[%emt 0:00:00]} d6 {[%emt 0:00:05]} 2. d4 {[%emt 0:00:00]} Nf6 {[%emt 0:00:09]} 3. Nc3 {[%emt 0:00:00]} e5 {[%emt 0:00:20]} 4. Nf3 {[%emt 0:00:16]} Nbd7 {[%emt 0:00:21]} 5. Bc4 {[%emt 0:00:17]} Be7 {[%emt 0:00:04]} 6. Bxf7+ {[%emt 0:00:15]} Kxf7 {[%emt 0:00:05]} 7. Ng5+ {[%emt 0:00:09]} Kg8 {[%emt 0:00:05]} 8. Ne6 {[%emt 0:00:18]} Qe8 {[%emt 0:00:04]} 9. Nxc7 {[%emt 0:00:33]} Qg6 {[%emt 0:00:02]} 10. Nxa8 {[%emt 0:04:22]} Qxg2 {[%emt 0:00:07]} 11. Rf1 {[%emt 0:00:09]} b5 {[%emt 0:02:32]} 12. Qe2 {[%emt 0:25:18]} exd4 {[%emt 0:15:07]} 13. f3 {[%emt 0:07:07]} Qh3 {[%emt 0:02:05]} 14. Nxb5 {[%emt 0:10:41]} Ne5 {[%emt 0:04:14]} 15. Nxd4 {[%emt 0:09:15]} Nh5 {[%emt 0:23:57]} 16. Be3 {[%emt 0:02:20]} Bh4+ {[%emt 0:02:10]} 17. Kd2 {[%emt 0:00:17]} h6 {[%emt 0:01:40]} 18. Nc7 {[%emt 0:03:34]} Kh7 {[%emt 0:02:45]} 19. Nd5 {[%emt 0:02:46]} Rf8 {[%emt 0:03:06]} 20. Rad1 {[%emt 0:02:53]} a5 {[%emt 0:22:39]} 21. Kc1 {[%emt 0:02:16]} a4 {[%emt 0:00:36]} 22. a3 {[%emt 0:04:50]} Bd7 {[%emt 0:08:41]} 23. Nb6 {[%emt 0:00:52]} Rb8 {[%emt 0:02:38]} 24. Nxd7 {[%emt 0:01:20]} Qxd7 {[%emt 0:00:05]} 25. Kb1 {[%emt 0:05:26]} Qb7 {[%emt 0:03:04]} 26. Bc1 {[%emt 0:00:52]} Bg5 {[%emt 0:00:58]} 27. c3 {[%emt 0:01:17]} Bxc1 {[%emt 0:02:01]} 28. Kxc1 {[%emt 0:02:25]} Nf4 {[%emt 0:01:23]} 29. Qc2 {[%emt 0:01:08]} Nc4 {[%emt 0:00:21]} 30. e5+ {[%emt 0:01:13]} Kh8 {[%emt 0:00:44]} 31. Rf2 {[%emt 0:05:34]} Ne3 {[%emt 0:02:07]} 32. Qe4 {[%emt 0:01:11]} Nxd1 {[%emt 0:00:16]} 33. Qxb7 {[%emt 0:00:18]} Nd3+ {[%emt 0:00:21]} 34. Kxd1 {[%emt 0:01:11]} Nxf2+ {[%emt 0:00:03]} 35. Kc2 {[%emt 0:02:01]} Rxb7 {[%emt 0:00:06]} 36. exd6 {[%emt 0:00:25]} Rb6 {[%emt 0:02:22]} 37. Nf5 {[%emt 0:01:46]} Kh7 {[%emt 0:00:34]} 38. c4 {[%emt 0:00:23]} g6 {[%emt 0:00:27]} 39. c5 {[%emt 0:00:36]} Rc6 {[%emt 0:00:28]} 40. Ne7 {[%emt 0:01:13]} Rxc5+ {[%emt 0:00:06]} 41. Kd2 {[%emt 0:00:17]} Rc4 {[%emt 0:00:30]} 42. Ke3 {[%emt 0:00:29]} Nd1+ {[%emt 0:00:04]} 43. Ke2 {[%emt 0:01:30]} Rd4 {[%emt 0:00:15]} 44. Nc8 {[%emt 0:00:39]} Kg7 {[%emt 0:00:27]} 45. f4 {[%emt 0:01:02]} Kf6 {[%emt 0:00:34]} 46. h4 {[%emt 0:00:31]} h5 {[%emt 0:00:09]} 47. b4 {[%emt 0:01:14]} axb3 {[%emt 0:00:06]} 0-1

[Event "7th Iberoamerican-ch 2019"]
[Site "Linares"]
[Date "2019.08.12"]
[Round "3.32"]
[White "Paiva, Henrique M A Alberga"]
[Black "Domingo Nunez, Ruben"]
[Result "0-1"]
[WhiteElo "2122"]
[BlackElo "2318"]
[Annotator "NA"]
[PlyCount "86"]
[EventDate "2019.08.10"]
[EventType "swiss"]
[EventCountry "ESP"]
[SourceTitle "playchess.com"]
[Source "ChessBase"]
[SourceQuality "1"]
[TimeControl "5400+30"]

1. e4 {[%emt 0:06:51]} c5 {[%emt 0:00:07]} 2. Nf3 {[%emt 0:00:06]} e6 {[%emt 0:00:04]} 3. b3 {[%emt 0:00:41]} b6 {[%emt 0:00:05]} 4. Bb2 {[%emt 0:00:16]} Bb7 {[%emt 0:00:04]} 5. Nc3 {[%emt 0:02:44]} a6 {[%emt 0:00:21]} 6. d4 {[%emt 0:09:18]} cxd4 {[%emt 0:00:05]} 7. Nxd4 {[%emt 0:00:04]} Nc6 {[%emt 0:13:58]} 8. Nxc6 {[%emt 0:01:12]} Bxc6 {[%emt 0:00:29]} 9. Bd3 {[%emt 0:00:20]} Qc7 {[%emt 0:04:18]} 10. Qe2 {[%emt 0:04:42]} Bb7 {[%emt 0:29:45]} 11. O-O-O {[%emt 0:05:56]} Bd6 {[%emt 0:07:07]} 12. Kb1 {[%emt 0:02:27]} Ne7 {[%emt 0:02:11]} 13. Qh5 {[%emt 0:22:11]} Ng6 {[%emt 0:07:28]} 14. Ne2 {[%emt 0:00:23]} Be5 {[%emt 0:00:54]} 15. c3 {[%emt 0:00:29]} O-O {[%emt 0:19:38]} 16. g3 {[%emt 0:05:45]} d5 {[%emt 0:01:07]} 17. exd5 {[%emt 0:01:15]} Bxd5 {[%emt 0:00:08]} 18. Rhe1 {[%emt 0:00:07]} Bf6 {[%emt 0:00:42]} 19. f4 {[%emt 0:03:39]} Qc6 {[%emt 0:00:59]} 20. f5 {[%emt 0:05:49]} Bf3 {[%emt 0:03:07]} 21. Qh3 {[%emt 0:00:11]} exf5 {[%emt 0:00:48]} 22. Qxf5 {[%emt 0:00:31]} Rad8 {[%emt 0:01:26]} 23. Nd4 {[%emt 0:05:38]} Bxd4 {[%emt 0:00:28]} 24. cxd4 {[%emt 0:00:05]} Bxd1 {[%emt 0:00:46]} 25. Rxd1 {[%emt 0:00:04]} b5 {[%emt 0:02:07]} 26. h4 {[%emt 0:02:10]} Qe6 {[%emt 0:02:05]} 27. Qf3 {[%emt 0:04:45]} Rfe8 {[%emt 0:00:28]} 28. h5 {[%emt 0:00:11]} Nf8 {[%emt 0:01:33]} 29. d5 {[%emt 0:02:26]} Qh6 {[%emt 0:01:25]} 30. Qf5 {[%emt 0:09:16]} Rd7 {[%emt 0:00:33]} 31. Bc1 {[%emt 0:01:35]} Qf6 {[%emt 0:00:32]} 32. Qg4 {[%emt 0:00:32]} Re5 {[%emt 0:00:38]} 33. Bb2 {[%emt 0:00:36]} Qg5 {[%emt 0:00:15]} 34. Qxg5 {[%emt 0:02:36]} Rxg5 {[%emt 0:00:01]} 35. Be4 {[%emt 0:00:34]} f5 {[%emt 0:00:39]} 36. Bc1 {[%emt 0:00:28]} Rxh5 {[%emt 0:00:33]} 37. Bf3 {[%emt 0:00:05]} Rh3 {[%emt 0:00:26]} 38. d6 {[%emt 0:00:08]} Rxg3 {[%emt 0:00:15]} 39. Bd5+ {[%emt 0:00:43]} Kh8 {[%emt 0:00:01]} 40. Bf4 {[%emt 0:00:07]} Rg6 {[%emt 0:00:21]} 41. Bc6 {[%emt 0:01:46]} Rd8 {[%emt 0:00:00]} 42. Rd5 {[%emt 0:00:19]} Nd7 {[%emt 0:02:29]} 43. Bd2 {[%emt 0:01:26]} Nb6 {[%emt 0:00:28]} 0-1

[Event "7th Iberoamerican-ch 2019"]
[Site "Linares"]
[Date "2019.08.12"]
[Round "3.33"]
[White "Castillo Gallego, Sergio"]
[Black "Guerrero Vargas, Andres Jesus"]
[Result "0-1"]
[WhiteElo "2203"]
[BlackElo "2331"]
[Annotator "NA"]
[PlyCount "84"]
[EventDate "2019.08.10"]
[EventType "swiss"]
[EventCountry "ESP"]
[SourceTitle "playchess.com"]
[Source "ChessBase"]
[SourceQuality "1"]
[TimeControl "5400+30"]

1. e4 {[%emt 0:02:06]} c5 {[%emt 0:00:00]} 2. Nf3 {[%emt 0:00:22]} e6 {[%emt 0:00:00]} 3. d4 {[%emt 0:00:16]} cxd4 {[%emt 0:00:00]} 4. Nxd4 {[%emt 0:00:06]} Nc6 {[%emt 0:00:00]} 5. Nc3 {[%emt 0:00:22]} Qc7 {[%emt 0:00:00]} 6. Qd3 {[%emt 0:00:12]} Nf6 {[%emt 0:07:07]} 7. Ndb5 {[%emt 0:00:24]} Qb8 {[%emt 0:00:02]} 8. Qg3 {[%emt 0:00:18]} d6 {[%emt 0:00:02]} 9. Be3 {[%emt 0:00:17]} a6 {[%emt 0:00:29]} 10. Nd4 {[%emt 0:00:02]} Bd7 {[%emt 0:00:41]} 11. f4 {[%emt 0:00:31]} b5 {[%emt 0:00:29]} 12. Bd3 {[%emt 0:00:10]} Be7 {[%emt 0:02:46]} 13. O-O {[%emt 0:04:25]} b4 {[%emt 0:03:27]} 14. Nce2 {[%emt 0:02:50]} O-O {[%emt 0:00:15]} 15. Rae1 {[%emt 0:18:48]} Re8 {[%emt 0:22:47]} 16. Kh1 {[%emt 0:08:52]} Qc7 {[%emt 0:10:24]} 17. Ng1 {[%emt 0:18:08]} g6 {[%emt 0:07:57]} 18. Nh3 {[%emt 0:09:02]} Nh5 {[%emt 0:13:05]} 19. Qf3 {[%emt 0:04:19]} Bf6 {[%emt 0:02:15]} 20. Qf2 {[%emt 0:06:33]} Nxd4 {[%emt 0:03:51]} 21. Bxd4 {[%emt 0:00:04]} Bxd4 {[%emt 0:00:20]} 22. Qxd4 {[%emt 0:00:03]} e5 {[%emt 0:00:07]} 23. fxe5 {[%emt 0:04:32]} dxe5 {[%emt 0:00:10]} 24. Qc4 {[%emt 0:01:46]} Qxc4 {[%emt 0:01:31]} 25. Bxc4 {[%emt 0:00:02]} Be6 {[%emt 0:06:11]} 26. Bxe6 {[%emt 0:06:03]} Rxe6 {[%emt 0:00:18]} 27. Ng5 {[%emt 0:04:33]} Rf6 {[%emt 0:00:11]} 28. Nf3 {[%emt 0:02:54]} Rc8 {[%emt 0:03:15]} 29. g4 {[%emt 0:01:21]} Nf4 {[%emt 0:00:45]} 30. Nxe5 {[%emt 0:02:28]} Rxc2 {[%emt 0:01:28]} 31. Rc1 {[%emt 0:02:33]} Rxc1 {[%emt 0:02:09]} 32. Rxc1 {[%emt 0:00:06]} Re6 {[%emt 0:01:28]} 33. Rc5 {[%emt 0:01:05]} Rd6 {[%emt 0:05:08]} 34. h4 {[%emt 0:00:27]} Ne6 {[%emt 0:01:25]} 35. Rc8+ {[%emt 0:00:20]} Kg7 {[%emt 0:00:03]} 36. Ra8 {[%emt 0:00:48]} Rd4 {[%emt 0:04:10]} 37. Rxa6 {[%emt 0:00:35]} Rxe4 {[%emt 0:00:12]} 38. Ra5 {[%emt 0:00:24]} h5 {[%emt 0:01:01]} 39. Kg2 {[%emt 0:00:44]} hxg4 {[%emt 0:00:47]} 40. Kg3 {[%emt 0:00:01]} Re3+ {[%emt 0:01:24]} 41. Kg2 {[%emt 0:00:15]} Nf4+ {[%emt 0:00:16]} 42. Kf2 {[%emt 0:00:13]} Rxe5 0-1

[Event "7th Iberoamerican-ch 2019"]
[Site "Linares"]
[Date "2019.08.12"]
[Round "3.34"]
[White "Serarols Mabras, Bernat"]
[Black "Riquelme Valero, Manuel Damian"]
[Result "1-0"]
[WhiteElo "2381"]
[BlackElo "2157"]
[Annotator "NA"]
[PlyCount "65"]
[EventDate "2019.08.10"]
[EventType "swiss"]
[EventCountry "ESP"]
[SourceTitle "playchess.com"]
[Source "ChessBase"]
[SourceQuality "1"]
[TimeControl "5400+30"]

1. d4 {[%emt 0:00:00]} f5 {[%emt 0:00:00]} 2. Nc3 {[%emt 0:00:00]} Nf6 {[%emt 0:00:10]} 3. Bg5 {[%emt 0:00:00]} d5 {[%emt 0:00:38]} 4. Bxf6 {[%emt 0:00:04]} exf6 {[%emt 0:00:06]} 5. e3 {[%emt 0:00:09]} Be6 {[%emt 0:00:42]} 6. Qf3 {[%emt 0:00:13]} Qd7 {[%emt 0:02:30]} 7. Bb5 {[%emt 0:00:09]} Nc6 {[%emt 0:07:06]} 8. Nge2 {[%emt 0:00:35]} O-O-O {[%emt 0:00:50]} 9. Nf4 {[%emt 0:02:18]} Bf7 {[%emt 0:00:32]} 10. Nd3 {[%emt 0:00:19]} g6 {[%emt 0:01:20]} 11. a3 {[%emt 0:05:17]} Kb8 {[%emt 0:06:26]} 12. Nb4 {[%emt 0:06:49]} Bxb4 {[%emt 0:01:02]} 13. axb4 {[%emt 0:00:10]} Qe6 {[%emt 0:01:09]} 14. Bxc6 {[%emt 0:04:58]} Qxc6 {[%emt 0:00:37]} 15. O-O {[%emt 0:03:36]} Qb6 {[%emt 0:17:23]} 16. b5 {[%emt 0:17:40]} Be8 {[%emt 0:08:00]} 17. Qe2 {[%emt 0:05:44]} Rd6 {[%emt 0:09:52]} 18. Ra3 {[%emt 0:03:01]} Bd7 {[%emt 0:02:26]} 19. Rfa1 {[%emt 0:08:21]} Re8 {[%emt 0:04:11]} 20. Rb3 {[%emt 0:09:42]} f4 {[%emt 0:01:13]} 21. Qf3 {[%emt 0:00:20]} fxe3 {[%emt 0:02:12]} 22. fxe3 {[%emt 0:00:21]} Rde6 {[%emt 0:09:56]} 23. Nxd5 {[%emt 0:02:41]} Qd6 {[%emt 0:00:14]} 24. c4 {[%emt 0:08:50]} c6 {[%emt 0:01:10]} 25. Nf4 {[%emt 0:04:04]} Re4 {[%emt 0:00:48]} 26. bxc6 {[%emt 0:04:46]} Bxc6 {[%emt 0:02:45]} 27. c5 {[%emt 0:01:32]} Qe7 {[%emt 0:04:42]} 28. d5 {[%emt 0:01:29]} Ba4 {[%emt 0:03:32]} 29. Rc3 {[%emt 0:02:01]} Qe5 {[%emt 0:02:00]} 30. c6 {[%emt 0:01:28]} g5 {[%emt 0:04:30]} 31. Nd3 {[%emt 0:02:16]} Qxd5 {[%emt 0:02:11]} 32. c7+ {[%emt 0:01:06]} Kc8 {[%emt 0:00:23]} 33. Rxa4 {[%emt 0:00:51]} 1-0